000 00557cam a2200205 4500
001 D15263
008 090401t1984 xxu||||| |||| 00| 0 eng d
035 _a(Sirsi) u21561
041 _aeng
050 _a331.2166
110 _aRoyal Institution of Chartered Surveyors
_94900
245 4 _aThe consultant quantity surveyor and project management: fees guidance
260 _bRICS
_c1984
300 _a10p. 21cm
350 _a0
520 _aFiled in box RICS 1984/50A
710 _aQuantity Surveyors` Division
942 _n0
948 _c04/03/1997
999 _c88006
_d88006